|
|
|
|
| LEADER |
01304nam a2200253 u 4500 |
| 001 |
10014594 |
| 003 |
upatras |
| 005 |
20210117204750.0 |
| 008 |
881025s1997 gr gre |
| 040 |
|
|
|a GR-PaULI
|c GR-PaULI
|
| 041 |
0 |
|
|a gre
|
| 082 |
0 |
4 |
|a 361.25
|
| 245 |
1 |
0 |
|a Οικονομία και συντάξεις
|b συνεισφορά στον κοινωνικό διάλογο
|c Επιτροπή για την εξέταση της μακροοικονομικής πολιτικής
|
| 260 |
|
|
|a Αθήνα
|b Εθνική Τράπεζα της Ελλάδος
|c 1997
|
| 300 |
|
|
|a 120 σ.
|c 27 εκ
|
| 650 |
|
4 |
|a Ασφάλιση, Κοινωνική
|9 16545
|
| 650 |
|
4 |
|a Κοινωνική πολιτική
|9 2921
|
| 650 |
|
4 |
|a Οικονομία
|9 547
|
| 852 |
|
|
|a GR-PaULI
|b ΠΑΤΡΑ
|b ΒΚΠ
|b ΒΣ1
|k ΑΣΧΕ
|h 361.25 ΕΤΕ
|p 025000048287
|
| 852 |
|
|
|a GR-PaULI
|b ΠΑΤΡΑ
|b ΒΚΠ
|b ΒΣ1
|k ΑΣΧΕ
|h 361.25 Ο
|m 30277
|p 025000071673
|t 1
|
| 942 |
|
|
|2 ddc
|c BK15
|
| 952 |
|
|
|0 0
|1 0
|4 0
|6 361_250000000000000_ΕΤΕ
|7 0
|9 157681
|a LISP
|b LISP
|c BSC
|d 2016-04-24
|l 0
|o 361.25 ΕΤΕ
|p 025000048287
|r 2016-04-24 00:00:00
|w 2016-04-24
|y BK15
|
| 952 |
|
|
|0 0
|1 0
|4 0
|6 361_250000000000000_Ο
|7 0
|9 157682
|a LISP
|b LISP
|c BSC
|d 2016-04-24
|i 30277
|l 0
|o 361.25 Ο
|p 025000071673
|r 2016-04-24 00:00:00
|t 1
|w 2016-04-24
|y BK15
|
| 999 |
|
|
|c 99777
|d 99777
|